Has this NBA Player played for 2 teams - Statistics

General Stats
  • This quiz has been taken 13 times
  • The average score is 10 of 17
Answers on the Grid
Answers color-coded by a green-red scale on the quiz's grid according to % correct below.
Aaron Gordon
Andrew Nembhard
Andrew Wiggins
Brangdon Ingram
Damian Lillard
De'Aaron Fox
DeMar Derozan
Deni Avdija
Derrick White
Desmond Bane
Domantas Sabonis
Donovan Mitchell
Duncan Robinson
Jalen Brunson
Jalen Green
Jaren Jackson
Jarrett Allen
Jrue Holiday
Julius Randle
Karl Anthony Towns
Marcus Smart
Max Strus
Mikal Bridges
Mike Conley
Miles Bridges
Nickeil Alexander-Walker
Pascal Siakam
Rudy Gobert
Rui Hachimura
Saddiq Bey
Sam Hauser
Shai GIlgeous-Alexander
 
Answer Stats
Answer % Correct
Jalen Brunson
78%
Shai GIlgeous-Alexander
78%
De'Aaron Fox
67%
Desmond Bane
67%
Jarrett Allen
67%
Karl Anthony Towns
67%
Pascal Siakam
67%
Rui Hachimura
67%
Damian Lillard
56%
Deni Avdija
56%
Donovan Mitchell
56%
Jalen Green
56%
Jaren Jackson
56%
Aaron Gordon
33%
Derrick White
33%
Duncan Robinson
33%
Rudy Gobert
33%
No matching quizzes found
Score Distribution
Percent of People with Each Score
Percentile by Number Answered
Your Score History
You have not taken this quiz